MDQL
is popping MORE tags! Check the
thread
!
Quizzes
Events
Quiz Creation
Community
Videos
Private Events
Remove Ads
Sign In
Join for FREE
Feedback
Dark Mode
Quiz Categories
Sports
Geography
Music
Movies
Television
Just For Fun
Miscellaneous
History
Literature
Language
Science
Gaming
Entertainment
Religion
Holiday
For Kids
Quiz Lab
Recent
Popular Today
Quiz Kudos Today
Editor Picks
Curator Picks
Quizzes by...
Day
Popularity
Type
Ratings
Length
Year
Community
Subscriptions
Recent Discussions
Orange Saloon
Badges
Playlists
Quests
Create
Leaderboards
Showdown
Live 5
Trivia Bingo
Activity
Puzzle Library
Sporcle Events
Private Events
Virtual Trivia
Globe League
Become a Host
Pub Owners
SporcleCon
Opinionation
Our Games
Videos
Blog
Mobile Apps
Partnerships
Remove Ads and Go Orange
Feedback
Just For Fun
Clickable
Get the Picture
Humor
Quick Pick
Word Ladder
Missing Word
Mixed Word
Blitz
Minefield
This or That
Alphabet
Color
Typing
Sporcle
Puzzle
Word Play
Follow That Line
Logic
Just For Fun
Clickable
Get the Picture
Humor
Quick Pick
Word Ladder
Missing Word
Mixed Word
Blitz
Minefield
This or That
Alphabet
Color
Typing
Sporcle
Puzzle
Word Play
Follow That Line
Logic
Random Quiz
Search Sporcle
×
Quiz Lab
Quiz Lab
Just For Fun
cheese
Type in answers that appear in a list
Type in answers that appear in a list
Classic
Best Score? Go Orange.
Cheese types Stats
Can you name the cheese types?
By
ABITLOST
10m
12 Questions
46 Plays
46 Plays
46 Plays
Comments
Comments
Give Quiz Kudos
Give Quiz Kudos
-
- Ratings
hide this ad
More Info
Replay
Link that replays current quiz
Next Quiz
Link to next quiz in quiz playlist
You Got
0%
They Got
Avg Score
26%
Avg Friend Score
Upgrade to see
Score Distribution
Jump to the score distribution portion of the page
Score
0/12
Timer
10:00
0
Plays Today
cheese types
% Correct
hard
83.7%
semi-soft
39.5%
sharp
30.2%
fresh
23.3%
processed
20.9%
whey
18.6%
semi-firm
18.6%
blue vein
18.6%
goat or sheep
18.6%
double and triple cream
16.3%
pasta filata
14%
soft-ripened
14%
Quiz Playlist
Details
Report
Send in Message
Add To Playlist
More Info:
Cheese!!!!!!!!!
Classic:
Type in answers that appear in a list
Last Updated: Feb 16, 2017
Quiz Scoreboard
CHALLENGE
Sign Up to Join the Scoreboard
Show All
Scores
Hide
Comments
May contain spoilers
Recently Published
1-10 Letter E Words III
by El_Dandy
Language
2m
Street Fighter Characters
by Artimus82
Gaming
60s
College Basketball Coaching Resumes
by pancakes188
Sports
9m
More to Explore
Quiz From the Vault
Featured Blog Post
Where Did the Easter Bunny Come From?
hide this ad
You Might Also Like...
Tags
cheese
Today's Top Quizzes in Just For Fun
Browse Just For Fun
hide this ad
Today's Top Quizzes in cheese
Browse cheese
Top Contributed Quizzes in Just For Fun
1
Name Just One - 10 to 1: Just For Fun
2
Killer Double Trees 224 - Colour Match-Up
3
Spring Typing Challenge
4
Crossword Whiteout! 49
5
Zeroing In: Just For Fun
6
Survivor Winners Logic Puzzle
7
Word Ladder: Ahoy Matey
8
Word Ladder: Wilderness Weapon
9
Kyle's 122nd Triple Trees
10
Clickable Animal Jokes #2
Explore More
Trending Topics
Harry Potter
Crossword
Marvel
Kpop
Anime
NBA
Disney
Soccer
The Office
Song
Pokémon
WWE
NFL
Puzzle
Country
hide this ad
More By:
ABITLOST
Quiz
Plays
Rating
Category
Featured
Created
election results from 2010 main partys
115
2.80
History
May 7, 2010
ICC world cup Host
96
3.67
Sports
May 16, 2010
msn emoticons
84
2.33
Just For Fun
May 11, 2010
cheese types
46
2.71
Just For Fun
May 7, 2010
most played sporcle quiz on the 07/05/10
12
2.88
Entertainment
May 7, 2010
Go to Creator's Profile
Score Distribution
Quiz Creator Spotlight
ABITLOST
Follow
Send a Message
Quizzes Created
-
Created Quiz Play Count
-
More By This Creator
Popular Quizzes Today
1
Find the US States - No Outlines Minefield
2
Find the Countries of Europe - No Outlines Minefield
3
The Countries of the World
4
Find the US States
5
Risky Map Clicking: Biggest States A-Z
6
US States
7
Popular People in 1961
8
Movies - When Are They Set?
More Just For Fun Quizzes
Quick Pick: 'H' Word Children's Books
Published
Trending Quizzes
Risky Map Clicking: Least Populous States A-Z
USA Borders Longest to Shortest
1-10 Letter G Words
1-10 Letter F Words
Countries of the World: 200 Million BC
Recently Updated
Leaping Animals
pecheneg
Reality TV Shows (A-Z)
bhenderson79
Rickey Henderson's Hall of Fame Teammates
pecheneg
Champions League XIs: Arsenal
pecheneg
Quick Pick: Celebrities in WWE's Hall of Fame
aduchscher
A-Z Keypad Blitz II
pecheneg
Multiple Oscar Actors
pecheneg
Mystery Phrase Blitz: Oscar 'Best Actors'
pecheneg
F. Scott Fitzgerald Novels
LTH
Pick 3 Villains
ddd62291
Trending Topics
Disney
NBA
Anime
Harry Potter
Kpop
Marvel
Crossword
Country
Pokémon
Song
Soccer
NFL
Puzzle
The Office
WWE
Your Account Isn't Verified!
In order to create a playlist on Sporcle, you need to verify the email address you used during registration. Go to your
Sporcle Settings
to finish the process.
Report this User
Report this user for behavior that violates our
Community Guidelines
.
Details:
Send Report
Go to the Sporcle.com Mobile Site →
Comments